|
|
|
|
| LEADER |
00000cam a22000004a 4500 |
| 001 |
musev2_3347 |
| 003 |
MdBmJHUP |
| 005 |
20230905040424.0 |
| 006 |
m o d |
| 007 |
cr||||||||nn|n |
| 008 |
080826s2009 mdu o 00 0 eng d |
| 010 |
|
|
|z 2008037843
|
| 020 |
|
|
|a 9780801895203
|
| 020 |
|
|
|z 9780801892608
|
| 020 |
|
|
|z 9780801892592
|
| 035 |
|
|
|a (OCoLC)835414618
|
| 040 |
|
|
|a MdBmJHUP
|c MdBmJHUP
|
| 043 |
|
|
|a n-us---
|
| 050 |
0 |
4 |
|a HV1454.2.U6
|b I56 2009
|
| 082 |
0 |
|
|a 362.6/10973
|2 22
|
| 245 |
0 |
0 |
|a Inside Assisted Living :
|b The Search for Home /
|c J. Kevin Eckert ... [et al.] ; with contributions by Sheryl Zimmerman ... [et al.] ; foreword by Bill Thomas.
|
| 264 |
|
1 |
|a Baltimore :
|b Johns Hopkins University Press,
|c 2009.
|
| 264 |
|
3 |
|a Baltimore, Md. :
|b Project MUSE,
|c 2012
|
| 264 |
|
4 |
|c ©2009.
|
| 300 |
|
|
|a 1 online resource (264 pages).
|
| 336 |
|
|
|a text
|b txt
|2 rdacontent
|
| 337 |
|
|
|a computer
|b c
|2 rdamedia
|
| 338 |
|
|
|a online resource
|b cr
|2 rdacarrier
|
| 504 |
|
|
|a Includes bibliographical references (p. 233-238) and index.
|
| 505 |
0 |
|
|a Miss Helen at Valley Glen Home -- Opal at Franciscan House -- Karen at Huntington Inn -- Mrs. Koehler at Middlebury Manor -- Dr. Catherine at the Chesapeake -- Mr. Sidney at Laurel Ridge -- Everyday life in assisted living -- Aging in places -- The reality and promise of assisted living.
|
| 520 |
|
|
|a Draws on in-depth interviews with residents, family members, staff, and administrators of six different types of assisted living residence. An appendix describes the qualitative research process used by a collaborative research team of the Univ. of Maryland Baltimore County's Center for Aging Studies. "Transitions from assisted living: sociocultural aspect," funded by the National Institute on Aging, was designed to provide an understanding of the minor and major life transitions experienced by residents in assisted living. -- Cover, p.4.
|
| 588 |
|
|
|a Description based on print version record.
|
| 650 |
2 |
2 |
|a Homes for the Aged
|z United States.
|
| 650 |
1 |
2 |
|a Patients
|z United States
|v Interview.
|
| 650 |
1 |
2 |
|a Assisted Living Facilities
|z United States.
|
| 650 |
|
0 |
|a Patients
|z United States
|v Interviews.
|
| 650 |
|
0 |
|a Long-term care facilities
|z United States.
|
| 650 |
|
0 |
|a Congregate housing
|z United States.
|
| 655 |
|
7 |
|a Electronic books.
|2 local
|
| 700 |
1 |
|
|a Eckert, J. Kevin.
|
| 710 |
2 |
|
|a Project Muse.
|e distributor
|
| 830 |
|
0 |
|a Book collections on Project MUSE.
|
| 856 |
4 |
0 |
|z Texto completo
|u https://projectmuse.uam.elogim.com/book/3347/
|
| 945 |
|
|
|a Project MUSE - Custom Collection
|
| 945 |
|
|
|a Project MUSE - Archive Complete Foundation
|
| 945 |
|
|
|a Project MUSE - Archive Global Cultural Studies Foundation
|